00342pab a2200133 454500008004000000100001900040245005600059260000900115300001300124362001200137650001800149650002000167773002100187180718b2015 xxu||||| |||| 00| 0 eng d aSaurabh, Kumar aRural society and rural economy in the Ganga valley c2015 ap.29-46. aMay-Jun aRural economy aRural sociology aSocial Scientist